| 000 | 00322nam a2200121Ia 4500 | ||
|---|---|---|---|
| 008 | 230907s9999||||xx |||||||||||||| ||und|| | ||
| 082 | _a621.4021,SCH | ||
| 100 |
_aschmidt, Frank w. _9115209 |
||
| 245 | 0 | _aIntroduction to thermal sciences: | |
| 260 |
_aJohn Wiley _bNew York _c1993 |
||
| 300 | _axvi, 476 p.: | ||
| 942 | _cBK | ||
| 999 |
_c597849 _d597849 |
||